| 000 | 00702nam a2200241Ia 4500 | ||
|---|---|---|---|
| 003 | OSt | ||
| 005 | 20220923225124.0 | ||
| 006 | a|||||r|||| 00| 0 | ||
| 007 | ta | ||
| 008 | 220922b |||||||| |||| 00| 0 mar d | ||
| 024 | _a257,845 | ||
| 037 | _cTextual | ||
| 040 |
_aARTS _cARTS _bmar |
||
| 041 |
_2mar _amar |
||
| 082 | _aO111,1M30x, 155N0 | ||
| 100 | _aएमिली डिकिन्सन | ||
| 245 | 0 | _aनिवडक कविता | |
| 246 | _aNivaḍak kavitā | ||
| 260 | _c1990 | ||
| 650 |
_aहिन्दी साहित्य _9156264 |
||
| 942 |
_hO111,1M30x, 155N0 _cTEXL _2CC |
||
| 999 |
_c376223 _d376223 |
||